Métodos experimentales de laboratorio en química orgánica /
Guardado en:
| Autor Principal: | |
|---|---|
| Autor Corporativo: | |
| Otros Autores: | |
| Formato: | Libro |
| Idioma: | Spanish |
| Publicado: |
Washington, D.C. :
Secretaría General de la Organización de los Estados Americanos, Programa Regional de Desarrollo Científico y Tecnológico,
1988.
|
| Series: | Serie de química ;
monografía no. 33 |
| Materias: | |
| Etiquetas: |
Agregar Etiqueta
Sin Etiquetas, Sea el primero en etiquetar este registro!
|
| LEADER | 01012nam a22002295a 4500 | ||
|---|---|---|---|
| 001 | EIQ.libpla003797 | ||
| 008 | 080318s1988####dcua#####b####000#0#spa#d | ||
| 005 | 20080318172854.0 | ||
| 245 | 1 | 0 | |a Métodos experimentales de laboratorio en química orgánica / |c por Alicia B. Pomilio y Arturo A. Vita. |
| 260 | |a Washington, D.C. : |b Secretaría General de la Organización de los Estados Americanos, Programa Regional de Desarrollo Científico y Tecnológico, |c 1988. | ||
| 300 | |a vii, 86 p. : |b il. ; |c 23 cm. | ||
| 440 | 0 | |a Serie de química ; |v monografía no. 33 | |
| 504 | |a Bibliografía: p. 81-82. | ||
| 100 | 1 | |a Pomilio, Alicia B. | |
| 700 | 1 | |a Vitale, Arturo A. | |
| 710 | 2 | |a Organización de los Estados Americanos (OEA). |b Programa Regional de Desarrollo Científico y Tecnológico. | |
| 650 | 4 | |a Laboratorio |x Solventes. | |
| 650 | 4 | |a Laboratorio |x Seguridad. | |
| 650 | 4 | |a Laboratory |x Solvents. | |
| 650 | 4 | |a Laboratory |x Safety. | |
| 040 | |a AR-BbSID |b spa |c AR-BbSID | ||
| 859 | |a AR-BbSID |b BIB. PLAPIQUI |h 547 |i P 77 |p 5244 | ||
